000 00994pam a2200325 a 4500
001 4802136
003 OSt
005 20140312153728.0
008 880628s1989 nyu j 000 1 eng
010 _a 88022622
020 _a9780439334945
020 _a0439334942
040 _aDLC
_cDLC
_dDLC
042 _alcac
050 0 0 _aPZ 7
_b.Sa1185Bo 2001
100 1 _aSachar, Louis,
_d1954-
_923745
245 1 4 _aThe boy who lost his face /
_cLouis Sachar.
260 _aNew York, NY :
_bScholastic Inc.,
_c2001.
300 _a198 p. ;
_c22 cm.
521 _aG3
526 _c570
562 _eFor circulation. 2copy available in the collection
650 1 _aSchools
_xFiction.
_923746
650 1 _aBullies
_xFiction.
_923747
650 1 _aInterpersonal relations
_xFiction.
_923748
906 _a7
_bcbc
_corignew
_d1
_eocip
_f19
_gy-gencatlg
942 _2lcc
_cBK
999 _c42976
_d42976